[Event "25th Open"]
[Site "Ghent BEL"]
[Date "2002.07.22"]
[Round "6"]
[White "Gaponenko,I"]
[Black "Vlam,H"]
[Result "1-0"]
[WhiteElo "2415"]
[BlackElo "2234"]

1.e4 c5 2.Nf3 Nc6 3.Nc3 g6 4.d4 cxd4 5.Nxd4 Bg7 6.Be3 Nf6 7.Bc4 O-O 8.Bb3 d6
9.f3 Bd7 10.h4 Qa5 11.Qd2 Rfc8 12.O-O-O Ne5 13.Kb1 Nc4 14.Bxc4 Rxc4 15.Nb3 Qc7
16.Bd4 Be6 17.h5 a5 18.a4 b5 19.Nxb5 Qb8 20.h6 Bh8 21.Nc3 Rb4 22.e5 Ne8 23.exd6 Bxd4
24.Nxd4 Rxb2+ 25.Kc1 Qb4 26.Nxe6 Qa3 27.Qd3 Rb6+ 28.Kd2 Rxd6 29.Nd4 Qb4 30.Ke2 e5
31.Qe4 Qc4+ 32.Kf2 Rad8 33.Nde2 Qe6 34.Rxd6 Nxd6 35.Qh4 Rc8 36.Rd1 f6 37.Nd5 g5
38.Qg4 Qf7 39.Nxf6+ Qxf6 40.Rxd6  1-0

[Event "TCh-POL Jun"]
[Site "Laczna POL"]
[Date "2002.07.22"]
[Round "10"]
[White "Zawadzki,S"]
[Black "Ciolek,M"]
[Result "1-0"]
[WhiteElo "2416"]
[BlackElo "2068"]

1.e4 c5 2.Nc3 Nc6 3.Nge2 d6 4.d4 cxd4 5.Nxd4 Nf6 6.Bg5 a6 7.Qd2 h6 8.Bxf6 gxf6
9.Be2 Nxd4 10.Qxd4 e5 11.Qa4+ Bd7 12.Qb3 Rb8 13.Bh5 Rh7 14.O-O Rg7 15.Kh1 f5
16.exf5 Qg5 17.Bf3 Bxf5 18.Bxb7 Bd7 19.Rae1 Be7 20.Re3 Kf8 21.Rg3 Qf5 22.Rxg7 Kxg7
23.Qb6 Bc8 24.Bxc8 Qxc8 25.Qe3 Rxb2 26.Qd3 Bg5 27.g3 Qc6+ 28.Kg1 d5 29.Nxd5 Qxc2
30.Qxa6 Rxa2 31.Qd6 Qf5 32.h4 Bf6 33.Ne3 Qf3 34.Qd1 Qxd1 35.Rxd1 Ra4 36.Rd6 Ra8
37.Kg2 Rd8 38.Nf5+ Kg6 39.Ne7+ Kg7 40.Rxd8 Bxe7  1-0

[Event "TCh-POL Jun"]
[Site "Laczna POL"]
[Date "2002.07.22"]
[Round "10"]
[White "Gajewski,G"]
[Black "Stopa,Ja"]
[Result "1/2-1/2"]
[WhiteElo "2388"]
[BlackElo "2237"]

1.e4 c5 2.Nc3 Nc6 3.Nf3 e5 4.Bc4 Be7 5.d3 d6 6.O-O Nf6 7.Ng5 O-O 8.f4 h6
9.Nf3 exf4 10.Bxf4 Be6 11.Nd5 Bxd5 12.Bxd5 Nxd5 13.exd5 Ne5 14.Nxe5 dxe5
15.Bxe5 Qxd5 16.Bc3 f5 17.Qf3 Qxf3 18.Rxf3 Bf6 19.Bxf6 Rxf6 20.Re1 Raf8 21.Re7 R6f7
22.Rfe3 g6 23.Kf2 Kg7 24.a4 Rxe7 25.Rxe7+ Rf7 26.Re6 Rd7 27.Ke3 Kf7 28.Re5 Rc7
29.Kd2 Kf6 30.Rd5 Kg5 31.Kc3 h5 32.Rd6 h4 33.h3 Rg7 34.d4 Kf4 35.dxc5 Kg3
36.Rd2 g5 37.b4 g4 38.hxg4 fxg4 39.b5 h3 40.gxh3 Kxh3 41.Kc4 g3 42.c6 bxc6
43.bxc6 g2 44.Rd1 Rf7 45.Rg1 Kh2 46.Rxg2+ Kxg2 47.Kd5 Kf3 48.Kd6 Ke4 49.c7 Rf8
50.Kc6 a5 51.Kb7 Kd4 52.c8=Q Rxc8 53.Kxc8 Kc4 54.Kc7 Kb4 55.Kd6 Kxa4 56.c4 Kb3
57.c5  1/2-1/2

[Event "Capital of Siberia Open"]
[Site "Novosibirsk RUS"]
[Date "2002.07.23"]
[Round "5"]
[White "Toropov,V"]
[Black "Sarginov,K"]
[Result "1-0"]
[WhiteElo "2096"]
[BlackElo "2206"]

1.e4 c5 2.Nc3 Nc6 3.Bb5 Nd4 4.Bc4 g6 5.Nf3 Bg7 6.Nxd4 cxd4 7.Qf3 e6 8.Nb5 d6
9.Qa3 Ke7 10.c3 e5 11.cxd4 exd4 12.Qd3 Qb6 13.a4 a6 14.a5 axb5 15.axb6 Rxa1
16.O-O bxc4 17.Qxc4 Bd7 18.d3 Nf6 19.Qxd4 Ra4 20.b4 Rc8 21.Bg5 h6 22.Bh4 g5
23.Bg3 Ne8 24.Bxd6+ Nxd6 25.Qxg7 Rxb4 26.Qxh6 g4 27.Qh4+ Ke8 28.d4 Rxb6 29.d5 Rc4
30.Qh8+ Ke7 31.e5 Nf5 32.d6+ Rxd6 33.exd6+ Nxd6 34.Qh4+ Ke8 35.Re1+ Be6 36.Qg5 Kd7
37.f4 gxf3 38.gxf3 b6 39.h4 Rc5 40.Qg3 Nf5 41.Rd1+ Kc6 42.Qf4 Rc4 43.Rc1 Rxc1+
44.Qxc1+ Kb5 45.h5 Ka4 46.h6 Nxh6 47.Qxh6  1-0

[Event "KB Czech Open"]
[Site "Pardubice CZE"]
[Date "2002.07.23"]
[Round "5"]
[White "Farakhov,R"]
[Black "Medvegy,Z"]
[Result "1/2-1/2"]
[WhiteElo "2317"]
[BlackElo "2505"]

1.e4 c5 2.Nf3 Nc6 3.Nc3 e5 4.Bc4 d6 5.d3 Be7 6.O-O Be6 7.h3 Bxc4 8.dxc4 Nf6
9.Bg5 Qd7 10.Bxf6 Bxf6 11.Nd5 Be7 12.c3 g6 13.Qd3 f5 14.Rfd1 f4 15.b4 Rd8
16.Qc2 b6 17.Qa4 Kf7 18.Rd3 Qc8 19.Rad1 Rhg8 20.b5 Na5 21.Nd2 g5 22.Nb3 g4
23.Nxe7 Kxe7 24.Nxa5 bxa5 25.h4 Qc7 26.g3 Rgf8 27.Qc2 Rf6 28.Qd2 h6 29.a4 fxg3
30.fxg3 Rdf8 31.Rd5 R8f7 32.Kg2 Qb8 33.Kg1 Qf8 34.Rxe5+ Kd7 35.Rf5 Rxf5 36.exf5 Rxf5
37.Qe2 Rf3 38.Rd3 Qf5 39.Rxf3 gxf3 40.Qe3 Qb1+ 41.Kf2 Qa2+ 42.Kxf3 Qxc4 43.Qxh6 Qxc3+
44.Qe3  1/2-1/2

[Event "Capital of Siberia Open"]
[Site "Novosibirsk RUS"]
[Date "2002.07.25"]
[Round "7"]
[White "Toropov,V"]
[Black "Kornienko,S"]
[Result "0-1"]
[WhiteElo "2096"]
[BlackElo "2193"]

1.e4 c5 2.Nc3 Nc6 3.Bb5 e6 4.Bxc6 bxc6 5.d3 Ne7 6.f4 Ng6 7.Nf3 Be7 8.O-O O-O
9.f5 exf5 10.exf5 Nh4 11.Nxh4 Bxh4 12.Ne4 Bf6 13.c3 d6 14.Qh5 d5 15.Nxf6+ Qxf6
16.Bg5 Qd6 17.f6 Re8 18.Rf4 Re5 19.Raf1 g6 20.Qh6 Qf8 21.Qh4 Bd7 22.d4 cxd4
23.cxd4 Re2 24.Bh6 Qe8 25.Bg7 Qe3+ 26.Kh1 h5 27.h3 Re8 28.R4f3 Qd2 29.Rg1 R2e4
30.Qg3 Rxd4 31.Qd6 Bf5 32.Rb3 Rd3 33.Rxd3 Qxd3 34.Qxc6 Qe4 35.Qc3 d4 36.Qg3 d3
37.Bh6 h4 38.Qf2 Bxh3 39.Bf4 Bxg2+  0-1

[Event "ch-TUR"]
[Site "Ankara TUR"]
[Date "2002.07.26"]
[Round "4"]
[White "Romi,I"]
[Black "Duman,A"]
[Result "1/2-1/2"]
[WhiteElo "2128"]
[BlackElo "2155"]

1.e4 c5 2.Nf3 Nc6 3.Nc3 g6 4.d4 cxd4 5.Nxd4 Bg7 6.Be3 Nf6 7.Bc4 O-O 8.Bb3 d6
9.f3 Bd7 10.Qd2 Nxd4 11.Bxd4 b5 12.O-O a5 13.a4 b4 14.Nd5 Nxd5 15.Bxg7 Kxg7
16.exd5 Qb6+ 17.Kh1 Ra7 18.Rfe1 Bf5 19.g4 Bc8 20.Re3 e5 21.dxe6 fxe6 22.Rd1 d5
23.Kg2 Raf7 24.Qd4+ Qxd4 25.Rxd4 g5 26.c4 dxc4 27.Bxc4 Bb7 28.Bxe6 Rxf3 29.Rxf3 Bxf3+
30.Kf2 Bc6+ 31.Ke3 Re8 32.Rd6 Be4 33.Bc4 Re5 34.Kf2 Bc2 35.Kf3 Kf8 36.Rb6 Ke7
37.h3 Bd1+ 38.Kf2 Bc2 39.Bg8 Rc5 40.Bc4 Re5 41.Ra6 Kd8 42.Ra7 Kc8 43.Rg7 Kd8
44.Ra7 Kc8 45.Rb7  1/2-1/2

[Event "ch-TUR"]
[Site "Ankara TUR"]
[Date "2002.07.26"]
[Round "5"]
[White "Ulucan,T"]
[Black "Ataman,A"]
[Result "1/2-1/2"]
[WhiteElo "2076"]
[BlackElo "2156"]

1.e4 c5 2.Nc3 Nc6 3.Nf3 e5 4.Bc4 Be7 5.d3 d6 6.Nd2 Nf6 7.Nf1 h6 8.Ne3 a6
9.a4 Nb4 10.Ncd5 Nbxd5 11.Nxd5 Rb8 12.a5 Nxd5 13.Bxd5 O-O 14.Qh5 Be6 15.Bxh6 gxh6
16.Bxe6 fxe6 17.Qg6+ Kh8 18.Qxh6+ Kg8 19.Qg6+ Kh8 20.d4 Rf6 21.Qh5+ Kg7 22.Ra3 Qe8
23.Rg3+ Rg6 24.dxe5 Rxg3 25.hxg3 Qxh5 26.Rxh5 Kg6 27.g4 dxe5 28.Rxe5 Kf6
29.Rh5 Rg8 30.f3 e5 31.Rh6+ Kf7 32.Rb6 Rb8 33.g3 Bd8 34.Rh6 Bxa5+ 35.Ke2 Rg8
36.c3 c4 37.Rh5 Bc7 38.Rf5+ Ke6 39.g5 Rh8 40.f4 Rh3 41.Kf2 Rh7 42.Kf3 Rf7
43.g6 Rxf5 44.exf5+ Kf6 45.fxe5+ Bxe5 46.g4 a5 47.Ke4 Bxc3 48.bxc3 a4 49.Kd5 a3
50.g5+ Kg7 51.Ke6 a2 52.f6+ Kxg6 53.f7 a1=Q 54.f8=Q Qa6+ 55.Kd5 Qc6+ 56.Kd4 Kxg5
57.Qg8+ Kf6 58.Qxc4 Qxc4+  1/2-1/2

[Event "ch-TUR"]
[Site "Ankara TUR"]
[Date "2002.07.27"]
[Round "7"]
[White "Soylu,S"]
[Black "Ataman,A"]
[Result "1/2-1/2"]
[WhiteElo "2384"]
[BlackElo "2156"]

1.e4 c5 2.Nc3 Nc6 3.Bb5 g6 4.Bxc6 dxc6 5.d3 Bg7 6.Be3 b6 7.Qd2 e5 8.O-O-O Be6
9.Nge2 Qd7 10.f4 exf4 11.Nxf4 O-O-O 12.Nxe6 Qxe6 13.Kb1 Nf6 14.Bh6 Bxh6 15.Qxh6 Ng4
16.Qf4 Rd7 17.h3 Ne5 18.Rhf1 Rhd8 19.Qf2 h5 20.b3 Kb7 21.Kb2 Qe8  1/2-1/2

[Event "2nd Summer Open"]
[Site "Savaria HUN"]
[Date "2002.07.27"]
[Round "2"]
[White "Vajda,Al"]
[Black "Hidegh,E"]
[Result "1-0"]
[WhiteElo "2395"]
[BlackElo "2160"]

1.e4 c5 2.Nf3 Nc6 3.Nc3 Nf6 4.d4 cxd4 5.Nxd4 e5 6.Ndb5 d6 7.Bg5 a6 8.Bxf6 gxf6
9.Na3 b5 10.Nd5 f5 11.g3 fxe4 12.Bg2 Bg7 13.Bxe4 O-O 14.Ne3 Qc7 15.c3 Rb8
16.Qh5 h6 17.g4 b4 18.Nd5 Qd8 19.Nc4 bxc3 20.bxc3 Qg5 21.Qxg5 hxg5 22.Nde3 d5
23.Nxd5 Bxg4 24.Rg1 f5 25.Nde3 Ne7 26.Nxg4 fxg4 27.Rxg4 Rf4 28.f3 Rxg4 29.fxg4 Rc8
30.Nd6 Rxc3 31.Rb1 Bf8 32.Rb3 Rxb3 33.axb3 Nc6 34.Nc4 Nd4 35.Nxe5 Bd6 36.Bd5+ Kg7
37.Nf7 Bxh2 38.Nxg5 Kf6 39.Nh3 Ke5 40.Bc4 a5 41.Kd2 Nf3+ 42.Ke3 Ng1 43.Nf2 Bf4+
44.Kd3 Bg3 45.Ne4 Be1 46.Nc5 Kf4 47.Be6 Bb4 48.Kc4 Kg5 49.Nd3 Bd2 50.Ne5 Kf6
51.Kd5 Ne2 52.Nf3 Nf4+ 53.Ke4 Nxe6 54.Nxd2 Kg5 55.Kf3 Nd4+ 56.Kg3 Ne2+ 57.Kf2 Nd4
58.Nf3+  1-0

[Event "Macedonian Open"]
[Site "Struga MKD"]
[Date "2002.07.27"]
[Round "8"]
[White "Popov,Ve"]
[Black "Milanovic,Da"]
[Result "0-1"]
[WhiteElo "2314"]
[BlackElo "2427"]

1.e4 c5 2.Ne2 Nc6 3.Nbc3 Nf6 4.d4 cxd4 5.Nxd4 e5 6.Ndb5 d6 7.Bg5 a6 8.Na3 b5
9.Bxf6 gxf6 10.Nd5 f5 11.c3 Bg7 12.g4 fxg4 13.Be2 Ne7 14.Nxe7 Qxe7 15.Bxg4 Bb7
16.Qf3 Bh6 17.Nc2 Rd8 18.Rd1 Rg8 19.Bf5 Qh4 20.Rd3 Bf4 21.Ke2 Rg5 22.Ne3 Bxe3
23.Kxe3 Ke7 24.Rhd1 Rxf5 25.Qxf5 Bc8 26.Qf3 Qg5+  0-1

[Event "Lost Boys Open"]
[Site "Amsterdam NED"]
[Date "2002.07.28"]
[Round "3"]
[White "Willemze,T"]
[Black "Piasetski,L"]
[Result "0-1"]
[WhiteElo "2253"]
[BlackElo "2350"]

1.e4 c5 2.Nc3 Nc6 3.Nf3 e6 4.Bb5 Nge7 5.O-O Ng6 6.d4 cxd4 7.Nxd4 Be7 8.Be3 O-O
9.f4 f6 10.f5 Nge5 11.Qe2 Qc7 12.Ba4 a6 13.Bb3 Nxd4 14.Bxd4 Bc5 15.Bxc5 Qxc5+
16.Kh1 b5 17.Rad1 Ra7 18.Nd5 Nc4 19.Nf4 Rc7 20.Rd3 Qe5 21.Rh3 d5 22.Qh5 h6
23.exd5 Qxf5 24.dxe6 Qxh5 25.Rxh5 Re8 26.a4 Nd2 27.Nd5 Rc6 28.axb5 axb5 29.e7 Nxb3
30.cxb3 Be6 31.Re1 Kf7 32.Nb4 Rb6 33.Rc5 Rxe7 34.Rc3 Rd6 35.Rce3 Red7 36.Kg1 Bf5
37.Rf3 g6 38.Rc3 Rd2 39.Rc5 Rxb2 40.Rxb5 Rxb3 41.Rb8 g5 42.Nc6 Rxb8 43.Nxb8 Rd6
44.Rc1 Be4 45.Re1 Bf5 46.Rc1 h5 47.Rc7+ Ke6 48.Rc6 Bd3 49.Rc3 Be4 50.Rb3 Rd2
51.Rb6+ Kf5 52.g3 h4 53.gxh4 g4 54.h5 Kf4 55.Rxf6+ Ke3 56.Nc6 Rg2+ 57.Kf1 Rxh2
58.Ke1 Bxc6  0-1

[Event "ch-BEL"]
[Site "Geel BEL"]
[Date "2002.07.28"]
[Round "2"]
[White "Dgebuadze,A"]
[Black "Vanderstricht,G"]
[Result "1-0"]
[WhiteElo "2531"]
[BlackElo "2404"]

1.e4 c5 2.Nc3 Nc6 3.Nge2 e5 4.Nd5 Nce7 5.Nec3 Nxd5 6.Nxd5 Nf6 7.Bc4 Nxd5
8.Bxd5 d6 9.c3 Be7 10.Qa4+ Kf8 11.Qb3 f6 12.d3 Qb6 13.Qd1 Bd7 14.O-O Bc6
15.Be6 Rd8 16.f4 c4+ 17.Kh1 cxd3 18.Qxd3 exf4 19.Bxf4 Qxb2 20.a4 Qb6 21.Be3 Qa5
22.Rf5 Qc7 23.Bb3 Re8 24.Raf1 Bd8 25.Bf4 Bxe4 26.Bxd6+ Re7 27.Qg3 Bxf5 28.Bxc7 Bxc7
29.Qh4 Be6 30.Bxe6 Rxe6 31.Qb4+ Re7 32.Qxb7 Bb6 33.Qa8+ Re8 34.Qd5 Rd8 35.Qc6 Kf7
36.a5 Bxa5 37.Qc4+ Kg6 38.Qg4+ Kh6 39.Qf4+  1-0

[Event "It"]
[Site "Las Tunas CUB"]
[Date "2002.07.28"]
[Round "3"]
[White "Garcia,Om"]
[Black "Illas,L"]
[Result "1/2-1/2"]
[WhiteElo "2336"]
[BlackElo "2243"]

1.e4 c5 2.Nf3 Nc6 3.Nc3 e5 4.Bc4 Be7 5.d3 Nf6 6.Nd2 O-O 7.Nf1 d6 8.Ne3 Be6
9.O-O Nd7 10.Ncd5 Bg5 11.g3 Bxe3 12.Nxe3 Nb6  1/2-1/2

[Event "Somes Open"]
[Site "Satu-Mare ROM"]
[Date "2002.07.29"]
[Round "4"]
[White "Chernov,Va"]
[Black "Soltanici,R"]
[Result "1-0"]
[WhiteElo "2401"]
[BlackElo "2426"]

1.e4 c5 2.Nc3 Nc6 3.Bb5 g6 4.Bxc6 dxc6 5.d3 Bg7 6.Be3 Qd6 7.Qd2 e5 8.f4 exf4
9.Bxf4 Qe7 10.O-O-O Nf6 11.Bh6 O-O 12.h3 Nd7 13.Nf3 Re8 14.Bxg7 Kxg7 15.Rdf1 Ne5
16.Qf4 f6 17.g4 Bd7 18.Rf2 Nxf3 19.Qxf3 Qe5 20.Rhf1 Rf8 21.Qf4 Rae8 22.Ne2 Bc8
23.Ng3 Qxf4+ 24.Rxf4 Re5 25.h4 h6 26.Kd2 b6 27.Ke3 Be6 28.b3 Bc8 29.R1f2 Bd7
30.c3 Bc8 31.d4 cxd4+ 32.cxd4 Ree8 33.b4 Be6 34.Kd3 Rd8 35.Kc3 Rde8 36.a3 Rf7
37.Kd3 Rd8 38.Kc3 Re8 39.Kd3 Rd8 40.Kc3 Re8 41.a4 Rff8 42.Kd3 Rd8  1-0

[Event "It"]
[Site "Las Tunas CUB"]
[Date "2002.07.30"]
[Round "6"]
[White "Tineo,F"]
[Black "Gongora,L"]
[Result "0-1"]
[WhiteElo "2109"]
[BlackElo "2177"]

1.e4 c5 2.Nf3 Nc6 3.Nc3 e6 4.d3 d5 5.g3 Nf6 6.e5 Nd7 7.Bf4 Be7 8.h4 b5 9.Bg2 b4
10.Nb1 a5 11.O-O Ba6 12.Re1 O-O 13.Nbd2 a4 14.Nf1 Bb5 15.N1h2 a3 16.b3 Rc8
17.h5 h6 18.Ng4 Re8 19.Qd2 Bf8 20.Nh4 Kh7 21.Kh2 Nd4 22.Rac1 Bc6 23.Kh3 Bb7
24.Rh1 Nf5 25.Rce1 Nxh4 26.gxh4 f5 27.Nh2 Qc7 28.Qe3 Nb8 29.Qg3 Qf7 30.Bf3 Nc6
31.Rhg1 Nd4 32.Bd1 c4 33.Be3 Nb5 34.Qf4 cxb3 35.cxb3 d4 36.Bd2 Nc3 37.Bxc3 dxc3
38.Bc2 Qxh5 39.Bd1 Qf7 40.Bc2 Red8 41.d4 Kh8 42.Rd1 Rd7 43.Nf1 g5 44.hxg5 Qh5+
45.Qh4 Qxh4+ 46.Kxh4 hxg5+ 47.Kg3 Rcd8 48.f3 Rxd4  0-1

[Event "ch-IRI"]
[Site "Tehran IRI"]
[Date "2002.07.30"]
[Round "5"]
[White "Darban,M"]
[Black "Sadeghi,M"]
[Result "1-0"]
[WhiteElo "2263"]
[BlackElo "2204"]

1.e4 c5 2.Nc3 Nc6 3.Nge2 g6 4.d4 cxd4 5.Nxd4 Bg7 6.Nb3 Nf6 7.Be2 O-O 8.O-O d6
9.Re1 Be6 10.Bf1 a6 11.Nd5 Bxd5 12.exd5 Ne5 13.a4 Re8 14.a5 Qc7 15.Ra4 Rac8
16.c3 Ned7 17.Bf4 b5 18.axb6 Nxb6 19.Ra5 Nc4 20.Rc5 Qxc5 21.Nxc5 Rxc5 22.Qb3 Na5
23.Qa4 Rxd5 24.Bxa6 Rf5 25.Bd3 Rc5 26.Bb5 Rb8 27.c4 Nb7 28.Rxe7 Rcc8 29.g3 Bf8
30.Re2 Nc5 31.Qd1 Rd8 32.Rd2 Nce4 33.Rd4 g5 34.Be3 d5 35.Qe2 Bc5 36.Rd3 d4
37.Qd1 Rd6 38.Bc1 Re6 39.Kg2 h6 40.b4 Bxb4 41.Rxd4 Bc5 42.Rd8+ Rxd8 43.Qxd8+ Kg7
44.Be3 Bxe3 45.fxe3 Rd6 46.Qe7 Rd2+ 47.Kf1 Rc2 48.Ke1 Rc1+ 49.Ke2 Rc2+ 50.Kd1 Rf2
51.Ke1 Rf3 52.Ke2 Rf2+ 53.Kd1 Nc3+ 54.Ke1 Nfe4 55.Bc6 Re2+ 56.Kf1 Rxe3 57.Bxe4 Rxe4
58.Qb4 Nd1 59.Qb1 Ne3+ 60.Ke2 Re6 61.Kd3 Ng4 62.c5 Ne5+ 63.Kd4 Nc6+ 64.Kd5 Ne7+
65.Kc4 Kg8 66.Qd3 Kg7 67.Qd4+ Kg8 68.Qg4 Kh7 69.Qf3 Kg7 70.Kb5 Kg8 71.Qd3 Kg7
72.Qd4+ Kg8 73.Qa1 Kh7 74.Qa7 Kg7 75.Qc7 Kg6 76.Qd7 Kg7 77.Qd2 Kg8 78.Qd1 Kg7
79.Qd4+ Kg8 80.Qd6 Kf8 81.Qd8+ Kg7 82.Qe8 Re5 83.Ka6 Re6+ 84.Kb7 Kg6 85.Qh8 Rc6
86.Qf8 Re6 87.g4 Kf6 88.Qxh6+ Ke5 89.Qxg5+ Kd4 90.Qf4+ Kxc5 91.Qxf7 Rb6+
92.Kc7 Rc6+ 93.Kd7 Nd5 94.Qf2+  1-0

[Event "ch-IRI"]
[Site "Tehran IRI"]
[Date "2002.08.01"]
[Round "7"]
[White "Mahjoob,M"]
[Black "Ghaem Maghami,E"]
[Result "1/2-1/2"]
[WhiteElo "2352"]
[BlackElo "2517"]

1.e4 c5 2.Nc3 Nc6 3.Bb5 e6 4.Bxc6 bxc6 5.d3 f6 6.Nf3 Ne7 7.Nh4 g6 8.O-O Bg7
9.f4 O-O 10.Nf3 d5 11.Qe1 c4 12.dxc4 Ba6 13.exd5 exd5 14.Qe6+ Rf7 15.Re1 Bxc4
16.b3 Ba6 17.Ba3 Bc8 18.Qe2 Bf8 19.Na4 Bg4 20.h3 Bxf3 21.Qxf3 Qc7 22.Rad1 Nf5
23.Bxf8 Rfxf8 24.g3 Rfe8 25.Qc3 Qd6 26.Nc5 d4 27.Qc4+ Qd5 28.Qxd5+ cxd5 29.g4 Rxe1+
30.Rxe1 Ne3 31.c3 Nc2 32.Re2 Rc8 33.b4 d3 34.Rd2 d4 35.cxd4 Nxb4 36.a3 Nd5
37.Rxd3 Nxf4 38.Rd2 Kf7 39.Kf2 Ne6 40.Rb2 Nxc5  1/2-1/2

[Event "Proclient Cup"]
[Site "Olomouc CZE"]
[Date "2002.08.02"]
[Round "3"]
[White "Kennaugh,C"]
[Black "Suran,J"]
[Result "1/2-1/2"]
[WhiteElo "2294"]
[BlackElo "2404"]

1.e4 c5 2.Nf3 Nc6 3.Nc3 e6 4.Bb5 Nge7 5.O-O a6 6.Bxc6 Nxc6 7.d4 cxd4 8.Nxd4 Qc7
9.Be3 Be7 10.Qg4 Bf6 11.Rad1 O-O 12.Nxc6 dxc6 13.Na4 b5 14.Nb6 Rb8 15.Nxc8 Rbxc8
16.Bc5 Rfd8 17.c3 Be7 18.Bxe7 Qxe7 19.g3 h6 20.Rxd8+ Rxd8 21.Rd1 c5 22.Rxd8+ Qxd8
23.Qe2  1/2-1/2

[Event "Lost Boys Open"]
[Site "Amsterdam NED"]
[Date "2002.08.03"]
[Round "9"]
[White "De Heer,M"]
[Black "Krnic,Z"]
[Result "0-1"]
[WhiteElo "2293"]
[BlackElo "2365"]

1.e4 c5 2.Nc3 Nc6 3.Nge2 e6 4.g3 a6 5.Bg2 Nge7 6.O-O b5 7.Re1 Bb7 8.d3 Nd4
9.Nxd4 cxd4 10.Ne2 Nc6 11.e5 Qc7 12.c3 Nxe5 13.Bxb7 Qxb7 14.Nxd4 f6 15.Bf4 Ng6
16.Qh5 Kf7 17.a4 b4 18.c4 Rc8 19.Nb3 Be7 20.Be3 Rhe8 21.Qe2 Bf8 22.Nd2 d5
23.b3 e5 24.Qf3 e4 25.dxe4 dxe4 26.Qe2 Ne5 27.Red1 Rcd8 28.Bf4 Ng6 29.Be3 Qc6
30.c5 Ne5 31.Nc4 Nf3+ 32.Kg2 Qe6 33.Rxd8 Rxd8 34.Rd1 Rd5 35.Rxd5 Qxd5 36.Nd2 Nxd2
37.Bxd2 e3+ 38.Kh3 exd2  0-1

[Event "6th Open"]
[Site "Genova ITA"]
[Date "2002.08.03"]
[Round "1"]
[White "Kogan,A"]
[Black "Bemporad,F"]
[Result "1/2-1/2"]
[WhiteElo "2530"]
[BlackElo "2111"]

1.e4 c5 2.Nc3 Nc6 3.Nf3 g6 4.d4 cxd4 5.Nxd4 Bg7 6.Nf3 d6 7.Bc4 a6 8.O-O Nf6
9.h3 O-O 10.Re1 b5 11.Bb3 Bb7 12.Bg5 h6 13.Bf4 Na5 14.Nd5 Nxb3 15.axb3 Kh7
16.Qd2 Nxe4 17.Rxe4 e6 18.Bxd6 Bxd5 19.Bxf8 Bxe4 20.Bxg7 Kxg7 21.Qc3+ Kg8
22.Ne5 h5 23.Qe3 Bxc2 24.Rc1 Qd5 25.Kh2 Rc8 26.Qf4 Qb7 27.g4 hxg4 28.Nxg4 Bf5
29.Nf6+ Kg7 30.Rxc8 Qxc8 31.Qe5 Qc2 32.Kg2 Qxb3 33.f3 Qc2+ 34.Kg3 Qc1 35.Nh5+ Kf8
36.Qd6+ Kg8 37.Qd8+ Kh7 38.Nf6+ Kg7 39.Ne8+ Kf8 40.Nc7+ Kg7 41.Ne8+ Kf8  1/2-1/2

[Event "Open"]
[Site "Olomouc CZE"]
[Date "2002.08.03"]
[Round "4"]
[White "Svancara,P"]
[Black "Bazant,P"]
[Result "1/2-1/2"]
[WhiteElo "2159"]
[BlackElo "2349"]

1.e4 c5 2.Nc3 Nc6 3.Bb5 Nd4 4.Bc4 g6 5.Nge2 Bg7 6.O-O e6 7.d3 Ne7 8.Bf4 d6
9.Nxd4 cxd4 10.Ne2 O-O 11.Qd2 e5 12.Bh6 Bg4 13.f3 Bd7 14.Ng3 b5 15.Bb3 a5
16.a3 Bxh6 17.Qxh6 Rc8 18.f4 Nc6 19.f5 Kh8 20.f6 Rg8 21.Bxf7 Qf8 22.Qxf8 Rgxf8
23.Bd5 Nd8 24.Rac1 Ne6 25.Bxe6 Bxe6 26.h3 b4 27.axb4 axb4 28.Ne2 Kg8 29.c3 bxc3
30.bxc3 dxc3 31.Rxc3 Rxc3 32.Nxc3 Rb8 33.Rb1  1/2-1/2

[Event "Somes Open"]
[Site "Satu-Mare ROM"]
[Date "2002.08.03"]
[Round "9"]
[White "Chernov,Va"]
[Black "Levay,S"]
[Result "1-0"]
[WhiteElo "2401"]
[BlackElo "2263"]

1.e4 c5 2.Nc3 Nc6 3.Bb5 Na5 4.f4 a6 5.Be2 b5 6.Bf3 e6 7.d3 Bb7 8.Nh3 h5 9.O-O b4
10.Ne2 Nf6 11.Ng3 h4 12.Nh1 d5 13.e5 Nd7 14.N1f2 Nc6 15.c3 Ne7 16.Ng4 Nf5
17.Ne3 g6 18.Nxf5 gxf5 19.Be3 bxc3 20.bxc3 Qc7 21.Rb1 Bc6 22.Rf2 Be7 23.Rfb2 Rd8
24.d4 c4 25.Nf2 Ba3 26.Re2 Nb6 27.Bc1 Be7 28.Nh3 Na4 29.Qc2 Qa5 30.Bd2 Kf8
31.Nf2 Kg7 32.g4 hxg3 33.hxg3 Rb8 34.Ree1 Ba3 35.g4 fxg4 36.Nxg4 Nb2 37.f5 Ba4
38.Qc1 Rh5 39.Bh6+ Kh8 40.Nf6 Rxf5 41.Bg4 Rf2 42.Qg5  1-0

[Event "It"]
[Site "Sudak UKR"]
[Date "2002.08.03"]
[Round "3"]
[White "Polivanov,A"]
[Black "Kuzmin,G"]
[Result "1/2-1/2"]
[WhiteElo "2349"]
[BlackElo "2512"]

1.e4 c5 2.Nc3 Nc6 3.Bb5 Nd4 4.Bc4 e6 5.Nge2 Ne7 6.Nxd4 cxd4 7.Ne2 Nc6 8.O-O Bc5
9.c3 O-O 10.cxd4 Nxd4 11.Nxd4 Bxd4 12.d3 d5 13.Bb3 a5 14.Rb1 b5 15.exd5 a4
16.Bc2 Qxd5 17.Be3 Bb7 18.Qg4 f5 19.Qh3 Bxe3 20.fxe3 Rfc8 21.Rf2 Qxa2 22.Rbf1 Qxb2
23.Bxa4 Qxf2+ 24.Kxf2 bxa4 25.e4 a3 26.Ra1 a2 27.Ke3 Ra3 28.exf5 Rd8 29.Ke2 Ba6
30.Qe3 e5 31.Qxe5 Bxd3+ 32.Ke1 Ra4 33.Kf2 Bxf5 34.Qb5 Rf4+ 35.Kg1 Bd3 36.Qa5 Rd7  1/2-1/2

[Event "FSGM August"]
[Site "Budapest HUN"]
[Date "2002.08.04"]
[Round "2"]
[White "Fogarasi,T"]
[Black "Gara,A"]
[Result "1-0"]
[WhiteElo "2466"]
[BlackElo "2365"]

1.e4 c5 2.Nf3 Nc6 3.Nc3 Nf6 4.Bb5 Nd4 5.e5 Nxb5 6.Nxb5 Nd5 7.c4 Nc7 8.Nxc7+ Qxc7
9.d4 d6 10.O-O Bg4 11.h3 Bxf3 12.Qxf3 cxd4 13.exd6 Qc6 14.dxe7 Bxe7 15.Qe2 Qe6
16.Re1 Qxe2 17.Rxe2 Kd7 18.b3 Bf6 19.Bb2 Kc6 20.Rd1 Rad8 21.Rd3 a5 22.Kf1 Rhe8
23.Ke1 Rxe2+ 24.Kxe2 Kc5 25.Ba3+ Kc6 26.Rf3 Re8+ 27.Kd2 b6 28.Bb2 h6 29.Rf5 Rd8
30.Kd3 Rd7 31.g4 Rd6 32.Rf4 b5 33.Bxd4 a4 34.Re4 axb3 35.axb3 bxc4+ 36.Kxc4 Bxd4
37.Rxd4 Re6 38.b4 Re2 39.Rf4 f6 40.h4 h5 41.gxh5 Re6 42.f3 Rd6 43.Rd4 Re6
44.Re4 Rd6 45.Re7 Rd8 46.Rxg7 Rh8 47.Rg6 Rxh5 48.Rxf6+ Kc7 49.Rf4 Kb6 50.Kd4 Kc6
51.Ke3 Kd6 52.Kf2 Ke5 53.Kg3 Rh8 54.b5 Rb8 55.Rb4 Kf5 56.b6 Rb7 57.Rb5+ Kg6
58.Kg4 Kf6 59.h5  1-0

[Event "It"]
[Site "Stockholm SWE"]
[Date "2002.08.04"]
[Round "2"]
[White "Hermansson,E"]
[Black "Yakovich,Y"]
[Result "0-1"]
[WhiteElo "2423"]
[BlackElo "2586"]

1.e4 c5 2.Nf3 Nc6 3.Nc3 g6 4.d4 cxd4 5.Nxd4 Bg7 6.Be3 Nf6 7.Bc4 d6 8.f3 Qb6
9.Nf5 Qxb2 10.Nxg7+ Kf8 11.Nd5 Nxd5 12.Bxd5 Kxg7 13.Rb1 Qc3+ 14.Kf2 f6 15.g4 Ne5
16.h4 h5 17.gxh5 Rxh5 18.Bxb7 Bxb7 19.Rxb7 Kf8 20.f4 Qc6 21.Rxa7 Rxa7 22.Bxa7 Nd7
23.Qf3 Qxc2+ 24.Kg3 Nc5 25.Re1 Qxa2 26.Bxc5 Rxc5 27.e5 dxe5 28.fxe5 Qa5 29.Re3 Rxe5
30.Ra3 Qe1+ 31.Kh3 Re4  0-1

[Event "ch-SLO"]
[Site "Dobrna SLO"]
[Date "2002.08.05"]
[Round "3"]
[White "Vombek,D"]
[Black "Perus,D"]
[Result "1-0"]
[WhiteElo "2301"]
[BlackElo "2305"]

1.e4 c5 2.Nc3 Nc6 3.Nf3 g6 4.Bc4 Bg7 5.O-O d6 6.Ng5 e6 7.f4 h6 8.Nf3 Nge7
9.d3 O-O 10.Bb3 d5 11.Qe1 dxe4 12.dxe4 Nd4 13.Be3 Nec6 14.Rd1 Nxf3+ 15.gxf3 Bd4
16.Nb5 Bxe3+ 17.Qxe3 Qh4 18.Rf2 b6 19.c3 Na5 20.Bc2 Nc4 21.Qc1 a6 22.Nd6 Nxd6
23.Rxd6 Rb8 24.Qe3 a5 25.Rg2 Kh8 26.e5 Ba6 27.Rg4 Qh3 28.Qf2 g5 29.fxg5 hxg5
30.Rg3 Qh4 31.Qg2 g4 32.fxg4 Kg7 33.Qd2 Rh8 34.Be4 Bb7 35.Bxb7 Rxb7 36.Rf3 Rh6
37.h3 Rg6 38.Kg2 Qe7 39.Qf4 b5 40.Kg3 Rb8 41.h4 Rb7 42.g5 b4 43.c4 Kh8 44.Qg4 Rd7
45.Rfd3 Rxd6 46.Rxd6 Qc7 47.Qe4 Kg7  1-0

[Event "Stork Young Masters"]
[Site "Hengelo NED"]
[Date "2002.08.06"]
[Round "3"]
[White "Smeets,J"]
[Black "Kuljasevic,D"]
[Result "1-0"]
[WhiteElo "2392"]
[BlackElo "2365"]

1.e4 c5 2.Nf3 Nc6 3.Nc3 e5 4.Bc4 d6 5.d3 Be7 6.Nd2 Nf6 7.Nf1 Bg4 8.f3 Be6
9.Ne3 O-O 10.O-O Rb8 11.a4 Nb4 12.f4 exf4 13.Rxf4 Nc6 14.Rf1 Ne5 15.b3 Ne8
16.Bb2 Bg5 17.Qe2 Nc7 18.Ncd5 Nxc4 19.bxc4 Bxd5 20.cxd5 Bxe3+ 21.Qxe3 f6
22.c4 Na6 23.Bc3 Qd7 24.Qg3 Qe7 25.Rf5 Rf7 26.Bd2 Rd8 27.Rb1 Qc7 28.Rf2 Nb8
29.Bf4 Na6 30.h4 Nb4 31.h5 Qe7 32.h6 b6 33.Rbf1 Kh8 34.Bc1 Rdf8 35.Bb2 Kg8
36.Rf3 Nc2 37.hxg7 Rxg7 38.Qf2 Nd4 39.Bxd4 cxd4 40.Rxf6 Rxf6 41.Qxf6 Qxf6
42.Rxf6 Rg3 43.Rxd6 Rxd3 44.Rf6 Rd1+ 45.Rf1  1-0

[Event "Valoz Cup"]
[Site "Olomouc CZE"]
[Date "2002.08.06"]
[Round "7"]
[White "Kadziolka,B"]
[Black "Cernousek,L"]
[Result "1-0"]
[WhiteElo "2290"]
[BlackElo "2294"]

1.e4 c5 2.Nc3 Nc6 3.Bb5 g6 4.Bxc6 bxc6 5.d3 Bg7 6.Be3 Rb8 7.Qc1 d6 8.Nge2 e5
9.O-O Ne7 10.f4 exf4 11.Bxf4 O-O 12.b3 f5 13.Qd2 fxe4 14.dxe4 Ba6 15.Rae1 Rb4
16.a3 Bxc3 17.Qxc3 Bxe2 18.Rxe2 Nd5 19.exd5 Rbxf4 20.Rxf4 Rxf4 21.dxc6 Qb6
22.Re8+ Rf8 23.Qe3 Qxc6 24.Qe6+ Kg7 25.Re7+ Kh8 26.Qh3 h5 27.Qc3+  1-0

[Event "6th HZ Open"]
[Site "Vlissingen NED"]
[Date "2002.08.07"]
[Round "5"]
[White "Van den Berg,Ad"]
[Black "Ikonnikov,V"]
[Result "0-1"]
[WhiteElo "2225"]
[BlackElo "2527"]

1.e4 c5 2.Nc3 Nc6 3.Nge2 Nd4 4.Nxd4 cxd4 5.Ne2 e5 6.c3 Nf6 7.cxd4 exd4 8.Ng3 Bc5
9.Bc4 O-O 10.O-O d6 11.d3 Ng4 12.a3 Qh4 13.h3 Ne3 14.fxe3 Qxg3 15.Rf3 Qg6
16.b4 Bb6 17.Bd5 Be6 18.Qb3 Rac8 19.Kh2 dxe3 20.Bxe3 Bxe3 21.Rxe3 Qf6 22.Bxe6 Qxa1
23.Bxc8 Rxc8 24.e5 dxe5 25.Qd5 Qd4 26.Qxb7 Rd8 27.Qe4 f6 28.b5 Rd5 29.a4 h6
30.Qf5 Qxe3 31.Qe6+ Kh7 32.Qxd5 Qf4+ 33.g3 Qxa4 34.Kg2 Kg6 35.h4 Qd4 36.Qf3 Qb2+
37.Kh3 Qxb5 38.h5+ Kf7 39.Qf2  0-1